Domschatz Würzburg
Saved in:
| Other Authors: | |
|---|---|
| Document Type: | Book |
| Language: | German |
| Published: |
Regensburg
: Schnell und Steiner
, 2002
|
| Edition: | 1. Auflage |
| Series: | Museumsschriften der Diözese Würzburg
1 |
| Subjects: | |
| Online Access: | Inhaltsverzeichnis Inhaltsverzeichnis |
| Related Items: | Rezensiert in:
[Rezension von: Der Basler Münsterschatz - Lenssen, Jürgen (Hrsg.), Domschatz Würzburg] |
| Author Notes: | Jürgen Lenssen (Hg.). Bearb. von Jürgen Emmert und Wolfgang Schneider |
| LEADER | 05074cam a2200973 c 4500 | ||
|---|---|---|---|
| 001 | 345473698 | ||
| 003 | DE-627 | ||
| 005 | 20260613210129.0 | ||
| 007 | tu | ||
| 008 | 020410s2002 gw ||||| c 00| ||ger c | ||
| 010 | |a 2002501193 | ||
| 015 | |a 02,N16,0546 |2 dnb | ||
| 015 | |a 02,A36,1103 |2 dnb | ||
| 016 | 7 | |a 964105179 |2 DE-101 | |
| 020 | |a 3795414245 |q brosch. |9 3-7954-1424-5 | ||
| 035 | |a (DE-627)345473698 | ||
| 035 | |a (DE-603)104076267 | ||
| 035 | |a (DE-576)100058930 | ||
| 035 | |a (DE-599)GBV345473698 | ||
| 035 | |a (OCoLC)604554764 | ||
| 035 | |a (OCoLC)604554764 | ||
| 035 | |a (OCoLC)50168953 | ||
| 040 | |a DE-627 |b ger |c DE-627 |e rakwb | ||
| 041 | |a ger | ||
| 044 | |c XA-DE |c XA-DE-BY | ||
| 050 | 0 | |a N7950.W87 | |
| 082 | 0 | |a 704.9/482/0943390744339 |q LOC |2 22 | |
| 082 | 0 | |a 704.9482094339074433 | |
| 082 | 0 | |a 704.94820943390744339 |q LoC |2 DDC22oclc | |
| 084 | |a 46 |2 sdnb | ||
| 084 | |a 12 |a 46 |2 sdnb | ||
| 084 | |a 46 |a 12 |2 sdnb | ||
| 084 | |a 9,10 |2 ssgn | ||
| 084 | |a LK 92400 |q BVB |2 rvk |0 (DE-625)rvk/98837:2 | ||
| 084 | |a NZ 97959 |q BVB |2 rvk | ||
| 084 | |a NZ 97962 |2 rvk |0 (DE-625)rvk/134982: | ||
| 084 | |a BS 4690 |2 rvk |0 (DE-625)rvk/16393: | ||
| 084 | |a LH 39810 |2 rvk |0 (DE-625)rvk/93354: | ||
| 084 | |a LK 78252 |2 rvk |0 (DE-625)rvk/98211:13313 | ||
| 084 | |a 20.11 |2 bkl | ||
| 245 | 0 | 0 | |a Domschatz Würzburg |c Jürgen Lenssen (Hg.). Bearb. von Jürgen Emmert und Wolfgang Schneider |
| 250 | |a 1. Auflage | ||
| 263 | |a brosch. | ||
| 264 | 1 | |a Regensburg |b Schnell und Steiner |c 2002 | |
| 300 | |a 188 Seiten |b Illustrationen |c 27 cm | ||
| 336 | |a Text |b txt |2 rdacontent | ||
| 337 | |a ohne Hilfsmittel zu benutzen |b n |2 rdamedia | ||
| 338 | |a Band |b nc |2 rdacarrier | ||
| 490 | 1 | |a Museumsschriften der Diözese Würzburg |v 1 | |
| 500 | |a Literaturverzeichnis Seite 181 - 187 | ||
| 505 | 8 | |a Literaturverz. S. 181 - 187 | |
| 583 | 1 | |a Archivierung/Langzeitarchivierung gewährleistet |f SSG |x XA-DE-BW |2 pdager |5 DE-16 | |
| 583 | 1 | |a Archivierung prüfen |c 20240324 |f DE-4165 |z 2 |2 pdager | |
| 610 | 1 | 0 | |a St. Kiliansdom (Würzburg, Germany) |v Exhibitions |
| 650 | 0 | 7 | |0 (DE-588)4203531-4 |0 (DE-627)105150258 |0 (DE-576)210155817 |a Domschatz |2 gnd |
| 651 | 7 | |0 (DE-588)4067037-5 |0 (DE-627)10611073X |0 (DE-576)209167939 |a Würzburg |2 gnd | |
| 655 | 7 | |a Katalog |0 (DE-588)4163417-2 |0 (DE-627)105454966 |0 (DE-576)209880899 |2 gnd-content | |
| 689 | 0 | 0 | |d g |0 (DE-588)4067037-5 |0 (DE-627)10611073X |0 (DE-576)209167939 |a Würzburg |2 gnd |
| 689 | 0 | 1 | |d s |0 (DE-588)4203531-4 |0 (DE-627)105150258 |0 (DE-576)210155817 |a Domschatz |2 gnd |
| 689 | 0 | |5 DE-101 | |
| 700 | 1 | |a Lenssen, Jürgen |d 1947- |e HerausgeberIn |0 (DE-588)119144131 |0 (DE-627)079939775 |0 (DE-576)164144692 |4 edt | |
| 700 | 1 | |a Emmert, Jürgen |d 1967- |0 (DE-588)124338704 |0 (DE-627)085796743 |0 (DE-576)173186696 |4 oth | |
| 700 | 1 | |a Schneider, Wolfgang |4 oth | |
| 787 | 0 | 8 | |i Rezensiert in |a Neuheuser, Hanns Peter, 1952 - |t [Rezension von: Der Basler Münsterschatz - Lenssen, Jürgen (Hrsg.), Domschatz Würzburg] |d Regensburg : Schnell und Steiner, 2003 |w (DE-627)1553273656 |w (DE-576)483273651 |
| 810 | 2 | |a Katholische Kirche |b Diözese Würzburg |t Museumsschriften der Diözese Würzburg |v 1 |9 1 |w (DE-627)520610938 |w (DE-576)100575161 |w (DE-600)2260147-8 |7 am | |
| 856 | 4 | 2 | |u https://swbplus.bsz-bw.de/bsz100058930inh.htm |m B:DE-576;DE-16 |q application/pdf |v 20091026185203 |x Verlag |3 Inhaltsverzeichnis |7 1 |
| 856 | 4 | 2 | |u http://scans.hebis.de/HEBCGI/show.pl?10407626_toc.pdf |m V:DE-576;B:DE-16 |q application/pdf |3 Inhaltsverzeichnis |7 1 |
| 935 | |a mteo | ||
| 935 | |i Blocktest | ||
| 936 | r | v | |a LK 92400 |b allgemein |k Kunstgeschichte |k Kunst nach Ländern bzw. Kontinenten |k Deutschland |k Deutsche Kunstgeschichte nach Gattungen |k Kunstgewerbe |k Ordnung nach Gattungen |k Schätze |k allgemein |0 (DE-627)1271175827 |0 (DE-625)rvk/98837:2 |0 (DE-576)201175827 |
| 936 | r | v | |a NZ 97959 |
| 936 | r | v | |a NZ 97962 |b Religion |k Geschichte |k Regionale Landeskunde |k Fränkische Landeskunde |k Einzelne Orte |k Würzburg |k Religion |0 (DE-627)1271478757 |0 (DE-625)rvk/134982: |0 (DE-576)201478757 |
| 936 | r | v | |a BS 4690 |b Sonstiges |k Theologie und Religionswissenschaften |k Liturgiewissenschaft |k Spezielle Liturgik |k Liturgischer Raum, liturgisches Gerät |k Darstellungen |k Sonstiges |0 (DE-627)127075775X |0 (DE-625)rvk/16393: |0 (DE-576)20075775X |
| 936 | r | v | |a LH 39810 |b Würzburg |k Kunstgeschichte |k Allgemeines. Allgemeine Kunstgeschichte |k Museumskunde. Museumskataloge |k Kataloge einzelner Museen; Schrifttum über einzelne Museen |k Orte W |k Würzburg |0 (DE-627)1271614499 |0 (DE-625)rvk/93354: |0 (DE-576)201614499 |
| 936 | r | v | |a LK 78252 |b Kirchen, Kathedralen |k Kunstgeschichte |k Kunst nach Ländern bzw. Kontinenten |k Deutschland |k Kunsttopografie Deutschlands |k Orte Deutschlands |k Orte W |k Würzburg |k Kirchen, Kathedralen |0 (DE-627)1271609622 |0 (DE-625)rvk/98211:13313 |0 (DE-576)201609622 |
| 936 | b | k | |a 20.11 |j Kunstsammlung |0 (DE-627)106406248 |
| 936 | s | n | |a b100 |2 mzub |
| 936 | s | n | |a l300 |2 mzub |
| 936 | s | n | |a n100 |2 mzub |
| 951 | |a BO | ||
| 990 | |a Würzburg | ||
| 990 | |a Domschatz | ||
| 991 | |a Rezensiertes Werk | ||
| 999 | |a KXP-PPN345473698 |e 4129538322 | ||


